Landlord and tenant: Break clause (Record no. 65153)

MARC details
000 -LEADER
fixed length control field 00884cam a2200205 4500
001 - CONTROL NUMBER
control field WB3643-25
008 - FIXED-LENGTH DATA ELEMENTS--GENERAL INFORMATION
fixed length control field 000000n2000 000 0 eng u
035 ## - SYSTEM CONTROL NUMBER
System control number (Sirsi) u109119
245 ## - TITLE STATEMENT
Title Landlord and tenant: Break clause
260 ## - PUBLICATION, DISTRIBUTION, ETC.
Date of publication, distribution, etc. 2000
490 ## - SERIES STATEMENT
Series statement Estates Gazette Case Summaries
Volume/sequential designation [2000]EGCS 114 (28/10/00)
520 ## - SUMMARY, ETC.
Summary, etc. "Johnsons of London Ltd v Protec Trust Management" ChD 18 October 2000. The claimant tenant held a business lease with a break clause. The landlord considered that the tenant was not entitled to invoke the clause as no new rent had been determined and the landlord was electing not to initiate a rent review. "Held", tenant's application dismissed.
590 ## - LOCAL NOTE (RLIN)
Local note WB
650 ## - SUBJECT ADDED ENTRY--TOPICAL TERM
Topical term or geographic name entry element BUSINESS LEASES
650 ## - SUBJECT ADDED ENTRY--TOPICAL TERM
Topical term or geographic name entry element BREAK CLAUSE
650 ## - SUBJECT ADDED ENTRY--TOPICAL TERM
Topical term or geographic name entry element RENT REVIEWS
650 ## - SUBJECT ADDED ENTRY--TOPICAL TERM
Topical term or geographic name entry element JOHNSONS OF LONDON LTD V PROTEC TRUST MANAGEMENT
690 ## - LOCAL SUBJECT ADDED ENTRY--TOPICAL TERM (OCLC, RLIN)
Topical term or geographic name as entry element LAW
942 ## - ADDED ENTRY ELEMENTS (KOHA)
Suppress in OPAC 0
Holdings
Withdrawn status Lost status Source of classification or shelving scheme Damaged status Not for loan Home library Current library Shelving location Date acquired Total Checkouts Full call number Barcode Date last seen Copy number Price effective from Koha item type
    Dewey Decimal Classification     London London News article 02/11/2000   WB3643-25 109119-1001 06/08/2019 1 06/08/2019 Law report